Países mais próximos da Sicília - corrida de um minuto - Statistics

Estatísticas Gerais
  • Esse quiz foi jogado 27 vezes
  • A pontuação média é 14 de 20
Estatísticas das Respostas
km país % Correto
738 Espanha
100%
463 França
95%
366 Grécia
95%
445 Líbia
95%
81 Malta
90%
214 Argélia
86%
634 San Marino
86%
71 Tunísia
86%
415 Vaticano
86%
792 Eslovénia
76%
394 Albânia
67%
760 Mônaco
67%
504 Croácia
62%
527 Macedónia do Norte
57%
506 Montenegro
52%
530 Bósnia e Herzegovina
48%
642 Sérvia
48%
581 Kosovo
43%
710 Bulgária
29%
852 Hungria
24%
Nenhum quiz correspondente encontrado
Distribuição das Pontuações
Porcentagem de Pessoas com Cada Pontuação
Percentil de Números Respondidos
Sua Pontuação Histórica
Você não jogou esse quiz